El poder constituyente (Registro nro. 6885)

Detalles MARC
000 -LEADER
fixed length control field 00637 a2200193 4500
001 - CONTROL NUMBER
control field 60175
005 - DATE AND TIME OF LATEST TRANSACTION
control field 20260407155853.0
008 - FIXED-LENGTH DATA ELEMENTS--GENERAL INFORMATION
fixed length control field 260407a1957 arg spa d
003 - CONTROL NUMBER IDENTIFIER
control field AR-UNSa-BCEJYS
040 ## - CATALOGING SOURCE
Original cataloging agency AR-UNSa-BCEJYS
Language of cataloging spa
Transcribing agency AR-UNSa-BCEJYS
080 ## - UNIVERSAL DECIMAL CLASSIFICATION NUMBER
Universal Decimal Classification number 342
Common auxiliary subdivision Derecho constitucional (Derecho Público)
041 ## - LANGUAGE CODE
Language code of text/sound track or separate title spa
100 1# - MAIN ENTRY--PERSONAL NAME
Personal name Sánchez Viamonte, Carlos
245 10 - TITLE STATEMENT
Title El poder constituyente
Name of part/section of a work Origen y formación del constitucionalismo universal y especialmente argentino
264 #1 - PRODUCTION, PUBLICATION, DISTRIBUTION, MANUFACTURE, AND COPYRIGHT NOTICE
Place of production, publication, distribution, manufacture Buenos Aires :
Name of producer, publisher, distributor, manufacturer Bibliográfica Argentina
Date of production, publication, distribution, manufacture, or copyright notice 1957
300 ## - PHYSICAL DESCRIPTION
Extent 606 p.
Dimensions 23 cm.
590 ## - LOCAL NOTE (RLIN)
Local note niveau_biblio:m niveau_hierar:0
942 ## - ADDED ENTRY ELEMENTS (KOHA)
Koha item type
Existencias
Withdrawn status Lost status Damaged status Not for loan Home library Current library Shelving location Date acquired Total checkouts Full call number Barcode Date last seen Price effective from Koha item type
        Biblioteca Prof. Eusebio Cleto del Rey Biblioteca Prof. Eusebio Cleto del Rey   07/04/2026   342 S211p L20540 07/04/2026 07/04/2026 Libro